书目信息 |
| 题名: |
獭兔的标准化养殖与繁殖技术问答
|
|
| 作者: | 陈宗刚 , 董晓光 编著 | |
| 分册: | ||
| 出版信息: | 北京 科学技术文献出版社 2012 |
|
| 页数: | 243页 | |
| 开本: | 21cm | |
| 丛书名: | ||
| 单 册: | ||
| 中图分类: | S829.1 | |
| 科图分类: | ||
| 主题词: | 兔--饲养管理--基本知识 , 兔--繁殖--基本知识 | |
| 电子资源: | ||
| ISBN: | 978-7-5023-7259-0 | |
| 000 | 01042nam0 2200253 450 | |
| 001 | 012015000395 | |
| 005 | 20150914164027.42 | |
| 010 | @a978-7-5023-7259-0@dCNY18.00 | |
| 100 | @a20121124d2012 em y0chiy0110 ea | |
| 101 | 0 | @achi |
| 102 | @aCN@b110000 | |
| 105 | @aa z 000yy | |
| 106 | @ar | |
| 200 | 1 | @a獭兔的标准化养殖与繁殖技术问答@Ata tu de biao zhun hua yang zhi yu fan zhi ji shu wen da@f陈宗刚,董晓光编著 |
| 210 | @a北京@c科学技术文献出版社@d2012 | |
| 215 | @a243页@c图@d21cm | |
| 330 | @a本书将獭兔养殖中较先进的技术、科学的养殖方法介绍给獭兔养殖者,使他们能快捷、熟练地掌握科学高效的饲养技术。具体内容包括:养殖獭兔前需要了解的相关问题、獭兔养殖场合及其相关设备问题、獭兔营养与饲料相关问题、獭兔的引种与繁殖相关问题、獭兔的饲养管理相关问题、獭兔疾病与防治相关问题等。 | |
| 606 | 0 | @a兔@x饲养管理@x基本知识 |
| 606 | 0 | @a兔@x繁殖@x基本知识 |
| 690 | @aS829.1@v5 | |
| 701 | 0 | @a陈宗刚@Achen zong gang@4编著 |
| 701 | 0 | @a董晓光@Adong xiao guang@4编著 |
| 801 | 0 | @aCN@b碧洲教育@c20150716 |
| 905 | @a10447@f4@dS829.1@e114 | |
| 獭兔的标准化养殖与繁殖技术问答/陈宗刚,董晓光编著.-北京:科学技术文献出版社,2012 |
| 243页:图;21cm |
| ISBN 978-7-5023-7259-0:CNY18.00 |
| 本书将獭兔养殖中较先进的技术、科学的养殖方法介绍给獭兔养殖者,使他们能快捷、熟练地掌握科学高效的饲养技术。具体内容包括:养殖獭兔前需要了解的相关问题、獭兔养殖场合及其相关设备问题、獭兔营养与饲料相关问题、獭兔的引种与繁殖相关问题、獭兔的饲养管理相关问题、獭兔疾病与防治相关问题等。 |
| ● |
| 相关链接 |
|
|
|
|
正题名:獭兔的标准化养殖与繁殖技术问答
索取号:S829.1/114
 
预约/预借
| 序号 | 登录号 | 条形码 | 馆藏地/架位号 | 状态 | 备注 |
| 1 | 0849467 | 208494672 | 第二样本阅览室/ [索取号:S829.1/114] | 在馆 | |
| 2 | 0849468 | 208494681 | 密集书库-生命科学系/ [索取号:S829.1/114] | 在馆 | |
| 3 | 0849469 | 208494690 | 第三借阅区/ [索取号:S829.1/114] | 在馆 | |
| 4 | 0849470 | 208494707 | 第三借阅区/ [索取号:S829.1/114] | 在馆 |